000 00720nam a22002057a 4500
003 NUST-PNEC
005 20170114142538.0
008 140512b xxu||||| |||| 00| 0 eng d
020 _a 8131760642
040 _cPNEC
082 _a620.001 MOA
100 _9113
_aMoaveni, Saeed
245 _aFinite element analysis
_bTheory and application with ansys
250 _a3rd ed.
260 _aNew Dehli
_bDorling Kindersley (India)Pvt. Ltd
_cc.2008
300 _aix, 861 p. :
_bill. :
_c23 cm.
500 _aIncludes Index http://www.amazon.com/Element-Analysis-Application-Moaveni-International/dp/B0072HYBTU/ref=sr_1_1?s=books&ie=UTF8&qid=1399876326&sr=1-1&keywords=9788131760642
600 _xMIS, ME
942 _2ddc
_cBK
999 _c60117
_d60117